| 000 | 00650nam a2200205 a 4500 | ||
|---|---|---|---|
| 001 | 000036175 | ||
| 005 | 20200930074930.0 | ||
| 008 | 120110s2011 dr a 000 0 spa d | ||
| 020 | _a9789945005042 | ||
| 040 |
_aDO-SdBNP _bspa _cBNPHU |
||
| 082 |
_a641.597293 _bO96d |
||
| 100 | 1 |
_aOvalle de Molano, Carmen _962219 |
|
| 245 | 1 | 0 |
_aDelicias en casa de Carmen / _cCarmen Ovalle de Molano. |
| 260 |
_aSanto Domingo : _bImpresora Edelma, _c2011. |
||
| 300 |
_a320 p. : _bil. ; _c24 cm. |
||
| 590 | _aInventariado, 2018/ YL | ||
| 650 | 4 |
_aCocina dominicana _9192 |
|
| 650 | 4 |
_aPreparación de alimentos _9193 |
|
| 910 | _aValidado. Control de calidad MFF | ||
| 999 |
_c35666 _d35666 |
||